Письма бывшего председателя 3 и 4 Государственных Дум М. В. Родзянко к А. И. Деникину о взаимоотношениях Добровольческой армии с...

Доступно только в Электронных читальных залах Найти на картеНа карте
RUSMARC
00004206nac2a22002891x 450
0018b6d7d3c-db88-4c19-8f7b-c03fe9d448a4
00520150204074640.0
100##$a20141210u k y0rusy50 ca
1010#$arus
102##$aRU
105##$ay z |||e|
1222#$ad19190630
$ad19190731
2001#$aПисьма бывшего председателя 3 и 4 Государственных Дум М. В. Родзянко к А. И. Деникину о взаимоотношениях Добровольческой армии с Всевеликим войском Донским
$jИюнь 1918 - июнь 1919
215##$a15 листов
251##$cДело
300##$aЗаголовок дела на папке: Письма бывшего председателя 3 и 4 Государственных Дум Родзянко к Деникину о взаимоотношениях белогвардейской армии Деникина с "Всевеликим войском Донским"
300##$aРукописные документы
461#0$100118a2f809-3a44-48ac-a637-6a170fbafca3
$12001
$aДеникин Антон Иванович, генерал-лейтенант, Главнокомандующий вооруженными силами на юге России
$1251
$cФонд
$1852
$j5827
$gР
462#0$1001f79b6a57-7956-4f85-9817-90cb6f449f4f
$12001
$a1872-1947 гг.
$1251
$cОпись
$1852
$j1
517##$aПисьма бывшего председателя 3 и 4 Государственных Дум Родзянко к Деникину о взаимоотношениях белогвардейской армии Деникина с "Всевеликим войском Донским"
600#1$aДеникин
$bА. И.
$gАнтон Иванович
600#1$aРодзянко
$bМ. В.
60102$aДобровольческая армия
60101$3RU\NLR\AUTH\8810107437
$aВсевеликое войско Донское
801#0$aRU
$bGA_RF
801#1$aRU
$bНПО Опыт
$c20141210
$2rusmarc
801#2$aRU
$bПБ им. Б.Н. Ельцина
$c20150204
$gRCR
$2rusmarc
852##$aГА РФ
$j121
937##$d49726814
$hПБ
035##$aRuPRLIB52023109
Формат отображения